| 000 | 00569nam a2200181 i 4500 | ||
|---|---|---|---|
| 001 | 100701 | ||
| 003 | ES-MaACL | ||
| 005 | 20230906182728.0 | ||
| 007 | t| | ||
| 008 | 051004s1969 sp ||||1| spa d | ||
| 100 | 1 |
_aMataix, Mariano. _978909 |
|
| 245 | 1 | 0 |
_aDiccionario de electrónica y energía nuclear _b: inglés-español / _cMariano Mataix. |
| 260 |
_aBarcelona : _bDanse, _c1969. |
||
| 300 |
_a770 p. ; _c22 cm. |
||
| 650 | 0 | 4 |
_aElectrónica- _vDiccionarios. _912164 |
| 650 | 4 |
_aEnergía nuclear- _vDiccionarios. _9164583 |
|
| 852 |
_aES-MaACL _jC-36739 _bR.70786 |
||
| 999 |
_c100701 _d100701 |
||